面积最小的50个县级行政区 The 50 smallest China countylevel administrative regions - Statistics

General Stats
  • This quiz has been taken 48 times
  • The average score is 25 of 50
Answer Stats
省内排名 面积/km² 县区 % Correct
北京16 42 东城区
86%
北京15 51 西城区
86%
上海16 20 黄浦区
83%
上海15 23 虹口区
81%
天津14 30 河北区
81%
天津12 42 河东区
81%
天津11 48 河西区
81%
重庆38 23 渝中区
78%
福建83 35 鼓楼区(福州)
78%
上海14 37 静安区
78%
江苏94 53 鼓楼区(南京)
78%
天津16 10 和平区
75%
天津15 24 红桥区
75%
上海13 38 长宁区
75%
山西116 15 城区
72%
天津13 41 南开区
67%
海南25 10 西沙区
64%
山西117 12 矿区
64%
海南24 17 南沙区
64%
陕西107 23 碑林区
64%
广东122 34 越秀区
61%
湖北99 46 硚口区
56%
陕西106 30 新城区
50%
湖南122 43 芙蓉区
50%
黑龙江121 31 南山区
47%
陕西105 39 莲湖区
47%
湖北101 33 江汉区
44%
江西100 35 西湖区
44%
辽宁97 40 中山区
44%
山东136 32 市南区
42%
湖北102 32 黄石港区
42%
湖北100 45 青山区
42%
黑龙江125 8 向阳区(鹤岗)
39%
江西99 37 青云谱区
39%
黑龙江120 41 向阳区(佳木斯)
39%
江苏95 49 秦淮区
36%
黑龙江124 12 工农区
33%
辽宁100 24 西岗区
33%
湖北103 28 铁山区
33%
福建84 18 台江区
31%
黑龙江123 16 前进区
28%
黑龙江122 28 兴山区
28%
福建82 54 鲤城区
28%
辽宁98 35 沙河口区
22%
江西98 49 浔阳区
19%
河南156 48 西工区
14%
广西111 52 叠彩区
11%
辽宁96 42 凌河区
6%
河南157 25 瀍河回族区
3%
辽宁99 30 白塔区
3%
No matching quizzes found
Score Distribution
Percent of People with Each Score
Percentile by Number Answered
Your Score History
You have not taken this quiz